000 00515nam a22001817a 4500
003 OSt
005 20140310182440.0
008 130312t xxu||||| |||| 00| 0 eng d
020 _a9780857110640
050 _aRS 403
_b.At886 2012
100 _aAttwood, David.
_98128
245 _aPhysical pharmacy /
_cDavid Attwood and Alexander T. Florence
260 _aLondon:
_bPharmaceutical Press,
_cc2012.
300 _a218 p. :
_c23 cm.
650 _aPhysical Pharmacy.
_98129
942 _2lcc
_cSSLC
999 _c13508
_d13508